Statistics for French Rugby - 75 or more international appearances

Click here to take the quiz!

General Stats

  • This quiz has been taken 103 times
    (49 since last reset)
  • The average score is 6 of 16

Answer Stats

Years ActiveCapsPlayer% Correct
1980-199193Serge Blanco
72%
2006-201580Thierry Dusautoir
72%
1995-2007118Fabien Pelous
70%
1982-1995111Philippe Sella
60%
1996-200798Raphael Ibanez
53%
2003-201585Nicolas Mas
42%
2001-201276Aurelien Rougerie
35%
2002-201282Imanol Harinordoquy
35%
2001-201186Damien Traille
28%
2004-201275Julien Bonnaire
28%
1997-200789Olivier Magne
23%
2004-201583Dimitri Szarzewski
19%
1998-201184Sylvain Marconnet
19%
1990-200178Abdel Benazzi
16%
2001-201577Freddie Michelak
2%
2008-201982Louis Picamoles
0%

Score Distribution

Percentile by Number Answered

Percent of People with Each Score

Your Score History

You have not taken this quiz since the last reset